| 000 | 00603nam a2200217Ia 4500 | ||
|---|---|---|---|
| 003 | GCL | ||
| 008 | 140319s9999 xx 000 0 eng d | ||
| 040 |
_aGCL / _cGCL |
||
| 082 | 0 | 4 |
_a616.9792 _bA B |
| 100 | 1 | _aARTIGAS, J | |
| 245 | 1 | 0 |
_aThe Central Nervous System in aids: Nevrology. Rsdiology. pathvlogy Ophthalmagy / _cARTIGAS, J |
| 700 | 1 | _aGROSSE, G | |
| 700 | 1 | _aNIEDOBITEK, F | |
| 260 |
_a[S.N] : _bSPRINGER - VERLAG ، _c1993 |
||
| 300 | _a237 P | ||
| 650 | 0 | 4 | _aCENTRAL NERVOUS SYSTEM |
| 650 | 0 | 4 | _aINFECTIONS |
| 650 | 0 | 4 | _aCOMPLICATIONS |
| 650 | 0 | 4 | _aAIDS (DISEASE) |
| 942 |
_2ddc _cBK |
||
| 999 |
_c10336 _d10336 |
||